Score 0/24 Timer 04:00
2 Plays Today
% Correct
Boxing
99.2%
Baseball
97.3%
Tennis
97.1%
Football
96.7%
Cycling
96.1%
Basketball
96%
Golf
95.1%
Sumo
94.9%
Horse Racing
94%
American Football
93.5%
Snowboarding
90.4%
Volleyball
89.8%
% Correct
Ice Hockey
89.8%
Formula One
89.7%
Lacrosse
89.3%
Sailing
88.9%
Javelin Throw
88.7%
Motocross
84.1%
Pole Vault
82.8%
Curling
80.2%
Badminton
75.2%
Handball
67.4%
Cricket
60.5%
Kitesurfing
58.6%

You're not logged in!

Compare scores with friends on all Sporcle quizzes.
OR
Log In

Sporcle TV

Today on Sporcle TV


Watch our educational content, quiz creation guides, and fun videos on Sporcle TV.

Show Comments

Extras

Top Quizzes Today


Score Distribution

Your Account Isn't Verified!

In order to create a playlist on Sporcle, you need to verify the email address you used during registration. Go to your Sporcle Settings to finish the process.

Report this User

Report this user for behavior that violates our Community Guidelines.

Details: